Loading...
Seven habits of highly effective families
| Main Author: | |
|---|---|
| Format: | Printed Book |
| Published: |
London
Simori schuster
1997
|
| Subjects: |
| LEADER | 00448nam a22001337a 4500 | ||
|---|---|---|---|
| 020 | |a 9780684860084 | ||
| 082 | |a 306.85 |b COV.S | ||
| 100 | |a Stephen R Covey | ||
| 245 | |a Seven habits of highly effective families | ||
| 260 | |a London |b Simori schuster |c 1997 | ||
| 650 | |a Family principles | ||
| 942 | |c BK | ||
| 999 | |c 1049 |d 1049 | ||
| 952 | |0 0 |1 0 |4 0 |6 306_850000000000000_COV_S |7 0 |8 NFIC |9 1037 |a CAMPUS |b CAMPUS |d 2014-12-23 |l 0 |o 306.85 COV.S |p 18386 |r 2014-12-23 |w 2014-12-23 |y BK | ||